[Event "Tournoi International du Pays de Charleroi 2018"]
[Site "Roux, Belgium"]
[Date "2018.07.30"]
[Round "3.1"]
[White "Sclacmender, Julien"]
[Black "Gurevich, Mikhail"]
[Result "0-1"]
[BlackTitle "GM"]
[WhiteElo "2245"]
[BlackElo "2569"]

1. e4 {[%clk 01:28:28]} {[%emt 00:02:31]} d6 {[%clk 01:25:02]} {[%emt
00:05:58]} 2. d4 {[%clk 01:28:54]} {[%emt 00:00:05]} g6 {[%clk 01:25:18]}
{[%emt 00:00:14]} 3. Nf3 {[%clk 01:29:07]} {[%emt 00:00:16]} Nf6 {[%clk
01:25:31]} {[%emt 00:00:16]} 4. Bd3 {[%clk 01:27:56]} {[%emt 00:01:42]} Bg7
{[%clk 01:25:40]} {[%emt 00:00:21]} 5. O-O {[%clk 01:27:53]} {[%emt 00:00:33]}
O-O {[%clk 01:26:06]} {[%emt 00:00:04]} 6. Re1 {[%clk 01:27:14]} {[%emt
00:01:09]} Nc6 {[%clk 01:25:29]} {[%emt 00:01:07]} 7. c3 {[%clk 01:24:48]}
{[%emt 00:02:57]} e5 {[%clk 01:25:52]} {[%emt 00:00:07]} 8. h3 {[%clk
01:10:48]} {[%emt 00:14:30]} h6 {[%clk 01:22:58]} {[%emt 00:03:24]} 9. Na3
{[%clk 01:06:46]} {[%emt 00:04:32]} a6 {[%clk 01:15:28]} {[%emt 00:08:00]} 10.
Nc2 {[%clk 01:00:56]} {[%emt 00:06:20]} Re8 {[%clk 01:13:44]} {[%emt 00:02:14]}
11. a4 {[%clk 00:59:31]} {[%emt 00:01:56]} d5 {[%clk 01:03:58]} {[%emt
00:10:15]} 12. exd5 {[%clk 00:55:44]} {[%emt 00:04:18]} Qxd5 {[%clk 01:04:21]}
{[%emt 00:00:08]} 13. dxe5 {[%clk 00:49:40]} {[%emt 00:06:34]} Nxe5 {[%clk
01:04:12]} {[%emt 00:00:38]} 14. Rxe5 {[%clk 00:48:48]} {[%emt 00:01:22]} Rxe5
{[%clk 01:04:35]} {[%emt 00:00:07]} 15. Nxe5 {[%clk 00:44:41]} {[%emt
00:04:37]} Qxe5 {[%clk 01:04:52]} {[%emt 00:00:13]} 16. Qf3 {[%clk 00:43:53]}
{[%emt 00:01:17]} Be6 {[%clk 00:55:21]} {[%emt 00:10:00]} 17. Bf4 {[%clk
00:34:44]} {[%emt 00:09:39]} Qd5 {[%clk 00:53:39]} {[%emt 00:02:12]} 18. Qe2
{[%clk 00:32:52]} {[%emt 00:02:23]} Re8 {[%clk 00:50:47]} {[%emt 00:03:21]} 19.
Ne3 {[%clk 00:32:07]} {[%emt 00:01:15]} Qc6 {[%clk 00:43:42]} {[%emt 00:07:36]}
20. Qc2 {[%clk 00:27:23]} {[%emt 00:05:14]} Nh5 {[%clk 00:34:23]} {[%emt
00:09:48]} 21. Bh2 {[%clk 00:24:05]} {[%emt 00:03:48]} Qc5 {[%clk 00:34:44]}
{[%emt 00:00:09]} 22. Be2 {[%clk 00:18:47]} {[%emt 00:05:48]} Nf6 {[%clk
00:32:09]} {[%emt 00:03:04]} 23. Bf3 {[%clk 00:18:45]} {[%emt 00:00:32]} c6
{[%clk 00:32:06]} {[%emt 00:00:32]} 24. Rd1 {[%clk 00:15:20]} {[%emt 00:03:56]}
h5 {[%clk 00:22:07]} {[%emt 00:10:29]} 25. Bd6 {[%clk 00:14:32]} {[%emt
00:01:18]} Qg5 {[%clk 00:22:17]} {[%emt 00:00:20]} 26. Kh1 {[%clk 00:14:06]}
{[%emt 00:00:57]} Nd7 {[%clk 00:18:33]} {[%emt 00:04:13]} 27. Be2 {[%clk
00:10:40]} {[%emt 00:03:56]} Nb6 {[%clk 00:13:13]} {[%emt 00:05:50]} 28. Bf3
{[%clk 00:08:26]} {[%emt 00:02:44]} Qh4 {[%clk 00:08:39]} {[%emt 00:05:05]} 29.
a5 {[%clk 00:05:35]} {[%emt 00:03:21]} Nc8 {[%clk 00:08:15]} {[%emt 00:00:54]}
30. Bg3 {[%clk 00:05:13]} {[%emt 00:00:53]} Qf6 {[%clk 00:07:26]} {[%emt
00:01:18]} 31. Qe4 {[%clk 00:04:56]} {[%emt 00:00:48]} Na7 {[%clk 00:06:19]}
{[%emt 00:01:37]} 32. Kh2 {[%clk 00:04:24]} {[%emt 00:01:02]} Qg5 {[%clk
00:05:01]} {[%emt 00:01:47]} 33. Bc7 {[%clk 00:03:22]} {[%emt 00:01:33]} Nb5
{[%clk 00:04:09]} {[%emt 00:01:23]} 34. Bf4 {[%clk 00:02:57]} {[%emt 00:00:54]}
Qh4 {[%clk 00:04:19]} {[%emt 00:00:20]} 35. c4 {[%clk 00:02:50]} {[%emt
00:00:37]} f5 {[%clk 00:03:53]} {[%emt 00:00:55]} 36. g3 {[%clk 00:00:39]}
{[%emt 00:02:42]} Qxh3 {[%clk 00:02:30]} {[%emt 00:01:52]} 37. Kxh3 {[%clk
00:00:51]} {[%emt 00:00:18]} fxe4 {[%clk 00:02:55]} {[%emt 00:00:05]} 38. Kh2
{[%clk 00:00:58]} {[%emt 00:00:22]} exf3 {[%clk 00:03:12]} {[%emt 00:00:13]} 39.
cxb5 {[%clk 00:01:19]} {[%emt 00:00:10]} axb5 {[%clk 00:03:31]} {[%emt
00:00:11]} 0-1

[Event "Tournoi International du Pays de Charleroi 2018"]
[Site "Roux, Belgium"]
[Date "2018.07.30"]
[Round "3.26"]
[White "Hafner, Christian"]
[Black "Dierckens, Sarah"]
[Result "0-1"]
[WhiteElo "2072"]
[BlackElo "1783"]

1. c4 {[%clk 01:30:49]} {[%emt 00:00:08]} c5 {[%clk 01:30:55]} {[%emt
00:00:07]} 2. g3 {[%clk 01:31:10]} {[%emt 00:00:09]} g6 {[%clk 01:31:13]}
{[%emt 00:00:14]} 3. Bg2 {[%clk 01:31:31]} {[%emt 00:00:07]} Bg7 {[%clk
01:31:40]} {[%emt 00:00:04]} 4. Nc3 {[%clk 01:31:51]} {[%emt 00:00:10]} Nc6
{[%clk 01:31:47]} {[%emt 00:00:24]} 5. Nf3 {[%clk 01:31:14]} {[%emt 00:01:07]}
b6 {[%clk 01:29:56]} {[%emt 00:02:25]} 6. O-O {[%clk 01:23:24]} {[%emt
00:08:44]} Bb7 {[%clk 01:30:00]} {[%emt 00:00:27]} 7. a3 {[%clk 01:22:05]}
{[%emt 00:01:54]} Nf6 {[%clk 01:25:00]} {[%emt 00:05:47]} 8. Rb1 {[%clk
01:18:34]} {[%emt 00:04:15]} O-O {[%clk 01:21:28]} {[%emt 00:04:10]} 9. b4
{[%clk 01:18:09]} {[%emt 00:00:56]} cxb4 {[%clk 01:21:04]} {[%emt 00:00:57]} 10.
axb4 {[%clk 01:18:23]} {[%emt 00:00:15]} Rc8 {[%clk 01:20:58]} {[%emt
00:00:37]} 11. d4 {[%clk 01:12:19]} {[%emt 00:06:49]} Nxd4 {[%clk 01:05:45]}
{[%emt 00:16:29]} 12. Nxd4 {[%clk 01:09:52]} {[%emt 00:03:08]} Bxg2 {[%clk
01:02:41]} {[%emt 00:03:48]} 13. Kxg2 {[%clk 01:10:15]} {[%emt 00:00:06]} Rxc4
{[%clk 01:03:07]} {[%emt 00:00:06]} 14. Qd3 {[%clk 01:02:21]} {[%emt 00:08:55]}
Qa8+ {[%clk 01:00:28]} {[%emt 00:03:21]} 15. f3 {[%clk 01:02:00]} {[%emt
00:00:52]} Rfc8 {[%clk 00:59:05]} {[%emt 00:02:02]} 16. Bd2 {[%clk 01:00:23]}
{[%emt 00:02:15]} e5 {[%clk 00:44:13]} {[%emt 00:16:28]} 17. Ndb5 {[%clk
00:50:11]} {[%emt 00:11:20]} a6 {[%clk 00:42:09]} {[%emt 00:02:45]} 18. Na3
{[%clk 00:37:27]} {[%emt 00:14:15]} Rd4 {[%clk 00:41:53]} {[%emt 00:00:48]} 19.
Qc2 {[%clk 00:36:43]} {[%emt 00:01:18]} Nd5 {[%clk 00:37:34]} {[%emt 00:05:06]}
20. Rb3 {[%clk 00:35:08]} {[%emt 00:02:10]} e4 {[%clk 00:31:39]} {[%emt
00:06:53]} 21. Nab1 {[%clk 00:34:24]} {[%emt 00:01:16]} Nxb4 {[%clk 00:28:30]}
{[%emt 00:03:54]} 22. Qb2 {[%clk 00:31:34]} {[%emt 00:03:35]} a5 {[%clk
00:26:00]} {[%emt 00:03:13]} 23. Nb5 {[%clk 00:31:15]} {[%emt 00:00:53]} Rc2
{[%clk 00:22:37]} {[%emt 00:04:11]} 24. Qa3 {[%clk 00:30:32]} {[%emt 00:01:19]}
Rdxd2 {[%clk 00:22:02]} {[%emt 00:01:09]} 25. Nxd2 {[%clk 00:30:50]} {[%emt
00:00:14]} Rxd2 {[%clk 00:22:19]} {[%emt 00:00:14]} 26. Rf2 {[%clk 00:24:51]}
{[%emt 00:07:01]} Nc2 {[%clk 00:18:49]} {[%emt 00:04:16]} 27. Qe7 {[%clk
00:18:30]} {[%emt 00:07:28]} e3 {[%clk 00:18:13]} {[%emt 00:01:12]} 28. Rxe3
{[%clk 00:18:44]} {[%emt 00:00:15]} Nxe3+ {[%clk 00:18:39]} {[%emt 00:00:06]}
29. Qxe3 {[%clk 00:19:06]} {[%emt 00:00:09]} Rb2 {[%clk 00:15:36]} {[%emt
00:03:50]} 30. Qxb6 {[%clk 00:19:23]} {[%emt 00:00:14]} a4 {[%clk 00:14:07]}
{[%emt 00:02:08]} 31. e4 {[%clk 00:18:30]} {[%emt 00:01:29]} Rxf2+ {[%clk
00:13:52]} {[%emt 00:00:49]} 32. Kxf2 {[%clk 00:18:52]} {[%emt 00:00:07]} a3
{[%clk 00:14:00]} {[%emt 00:00:25]} 33. Nc7 {[%clk 00:18:27]} {[%emt 00:00:59]}
Qa4 {[%clk 00:12:10]} {[%emt 00:02:31]} 34. Qb8+ {[%clk 00:17:55]} {[%emt
00:01:07]} Bf8 {[%clk 00:12:34]} {[%emt 00:00:08]} 35. Nd5 {[%clk 00:17:50]}
{[%emt 00:00:37]} Qd4+ {[%clk 00:11:24]} {[%emt 00:01:45]} 36. Kg2 {[%clk
00:18:01]} {[%emt 00:00:19]} a2 {[%clk 00:11:36]} {[%emt 00:00:20]} 0-1

[Event "Tournoi International du Pays de Charleroi 2018"]
[Site "Roux, Belgium"]
[Date "2018.07.30"]
[Round "3.13"]
[White "Kulkarni, Rakesh"]
[Black "Nair, Sanjeev"]
[Result "1-0"]
[WhiteTitle "IM"]
[WhiteElo "2363"]
[BlackElo "1942"]

1. e4 {[%clk 01:30:55]} {[%emt 00:00:07]} g6 {[%clk 01:30:39]} {[%emt
00:00:20]} 2. d4 {[%clk 01:31:14]} {[%emt 00:00:11]} Bg7 {[%clk 01:30:38]}
{[%emt 00:00:30]} 3. Nc3 {[%clk 01:31:28]} {[%emt 00:00:16]} c6 {[%clk
01:30:31]} {[%emt 00:00:37]} 4. Nf3 {[%clk 01:30:31]} {[%emt 00:01:27]} d6
{[%clk 01:30:46]} {[%emt 00:00:16]} 5. g3 {[%clk 01:29:04]} {[%emt 00:01:57]}
Nf6 {[%clk 01:26:05]} {[%emt 00:05:11]} 6. Bg2 {[%clk 01:27:47]} {[%emt
00:01:47]} O-O {[%clk 01:26:27]} {[%emt 00:00:08]} 7. O-O {[%clk 01:28:09]}
{[%emt 00:00:08]} Qc7 {[%clk 01:26:33]} {[%emt 00:00:24]} 8. h3 {[%clk
01:25:15]} {[%emt 00:03:23]} Nbd7 {[%clk 01:23:56]} {[%emt 00:03:07]} 9. Be3
{[%clk 01:24:38]} {[%emt 00:01:08]} e5 {[%clk 01:19:17]} {[%emt 00:05:09]} 10.
Qd2 {[%clk 01:21:06]} {[%emt 00:04:01]} Re8 {[%clk 01:16:07]} {[%emt 00:03:40]}
11. Nh4 {[%clk 01:05:02]} {[%emt 00:16:32]} b6 {[%clk 01:04:21]} {[%emt
00:12:17]} 12. f4 {[%clk 01:00:21]} {[%emt 00:05:11]} Ba6 {[%clk 00:55:32]}
{[%emt 00:09:20]} 13. Rf2 {[%clk 00:59:59]} {[%emt 00:00:53]} Rad8 {[%clk
00:55:14]} {[%emt 00:00:48]} 14. fxe5 {[%clk 00:41:32]} {[%emt 00:18:57]} dxe5
{[%clk 00:54:31]} {[%emt 00:01:14]} 15. d5 {[%clk 00:41:52]} {[%emt 00:00:10]}
Nh5 {[%clk 00:41:28]} {[%emt 00:13:31]} 16. Kh2 {[%clk 00:23:46]} {[%emt
00:18:37]} Ndf6 {[%clk 00:40:31]} {[%emt 00:01:27]} 17. Rd1 {[%clk 00:23:31]}
{[%emt 00:00:45]} Rd7 {[%clk 00:25:35]} {[%emt 00:15:26]} 18. Bh6 {[%clk
00:08:50]} {[%emt 00:15:12]} cxd5 {[%clk 00:07:59]} {[%emt 00:18:06]} 19. Bxg7
{[%clk 00:09:08]} {[%emt 00:00:12]} Kxg7 {[%clk 00:05:48]} {[%emt 00:02:40]} 20.
Qg5 {[%clk 00:09:28]} {[%emt 00:00:10]} Qd8 {[%clk 00:04:25]} {[%emt 00:01:53]}
21. exd5 {[%clk 00:06:35]} {[%emt 00:03:22]} e4 {[%clk 00:01:36]} {[%emt
00:03:19]} 22. Nf5+ {[%clk 00:04:34]} {[%emt 00:02:32]} Kh8 {[%clk 00:01:38]}
{[%emt 00:00:28]} 23. Ne3 {[%clk 00:04:59]} {[%emt 00:00:05]} Rd6 {[%clk
00:01:13]} {[%emt 00:00:56]} 24. Bf1 {[%clk 00:02:34]} {[%emt 00:02:55]} Bc8
{[%clk 00:01:22]} {[%emt 00:00:21]} 25. Kg1 {[%clk 00:02:39]} {[%emt 00:00:25]}
Kg7 {[%clk 00:00:47]} {[%emt 00:01:05]} 26. Nc4 {[%clk 00:01:26]} {[%emt
00:01:43]} h6 {[%clk 00:00:57]} {[%emt 00:00:20]} 27. Qe3 {[%clk 00:01:20]}
{[%emt 00:00:36]} Rd7 {[%clk 00:00:38]} {[%emt 00:00:49]} 28. g4 {[%clk
00:01:03]} {[%emt 00:00:47]} Nxd5 {[%clk 00:00:39]} {[%emt 00:00:29]} 29. Nxd5
{[%clk 00:01:22]} {[%emt 00:00:10]} Rxd5 {[%clk 00:01:02]} {[%emt 00:00:07]} 30.
Rxd5 {[%clk 00:01:44]} {[%emt 00:00:08]} Qxd5 {[%clk 00:01:28]} {[%emt
00:00:04]} 31. gxh5 {[%clk 00:02:07]} {[%emt 00:00:07]} b5 {[%clk 00:00:37]}
{[%emt 00:01:21]} 32. hxg6 {[%clk 00:01:42]} {[%emt 00:00:55]} bxc4 {[%clk
00:00:53]} {[%emt 00:00:14]} 33. gxf7 {[%clk 00:01:23]} {[%emt 00:00:49]} Rf8
{[%clk 00:01:08]} {[%emt 00:00:15]} 34. Qc3+ {[%clk 00:01:33]} {[%emt
00:00:19]} Kh7 {[%clk 00:01:11]} {[%emt 00:00:27]} 35. Bxc4 {[%clk 00:01:53]}
{[%emt 00:00:10]} Qd1+ {[%clk 00:00:38]} {[%emt 00:01:03]} 36. Kh2 {[%clk
00:01:58]} {[%emt 00:00:25]} Qd6 {[%clk 00:00:39]} {[%emt 00:00:29]} 37. Qg3
{[%clk 00:02:22]} {[%emt 00:00:06]} Qxg3 {[%clk 00:00:33]} {[%emt 00:00:37]} 38.
Kxg3 {[%clk 00:02:47]} {[%emt 00:00:04]} e3 {[%clk 00:00:52]} {[%emt 00:00:12]}
39. Re2 {[%emt 00:01:24]} Rh8 {[%emt 00:00:23]} 1-0

[Event "Tournoi International du Pays de Charleroi 2018"]
[Site "Roux, Belgium"]
[Date "2018.07.30"]
[Round "3.10"]
[White "Verbist, Julien"]
[Black "Godart, Francois"]
[Result "0-1"]
[WhiteElo "1954"]
[BlackElo "2427"]

1. e4 {[%clk 01:30:57]} {[%emt 00:00:03]} e6 {[%clk 01:30:49]} {[%emt
00:00:12]} 2. Nc3 {[%clk 01:31:22]} {[%emt 00:00:05]} d5 {[%clk 01:31:14]}
{[%emt 00:00:05]} 3. Bd3 {[%clk 01:31:41]} {[%emt 00:00:11]} c5 {[%clk
01:30:03]} {[%emt 00:01:40]} 4. Bb5+ {[%clk 01:31:09]} {[%emt 00:01:03]} Nc6
{[%clk 01:29:50]} {[%emt 00:00:42]} 5. Nf3 {[%clk 01:27:39]} {[%emt 00:04:01]}
Nf6 {[%clk 01:27:09]} {[%emt 00:03:11]} 6. d3 {[%clk 01:25:49]} {[%emt
00:02:19]} Be7 {[%clk 01:18:04]} {[%emt 00:09:35]} 7. O-O {[%clk 01:20:16]}
{[%emt 00:06:03]} O-O {[%clk 01:18:10]} {[%emt 00:00:25]} 8. Bxc6 {[%clk
01:18:32]} {[%emt 00:02:14]} bxc6 {[%clk 01:18:29]} {[%emt 00:00:11]} 9. b3
{[%clk 01:11:59]} {[%emt 00:07:03]} dxe4 {[%clk 01:01:40]} {[%emt 00:17:19]} 10.
dxe4 {[%clk 01:10:02]} {[%emt 00:02:26]} c4 {[%clk 00:58:23]} {[%emt 00:03:48]}
11. Bb2 {[%clk 00:34:44]} {[%emt 00:35:49]} Ba6 {[%clk 00:51:21]} {[%emt
00:07:31]} 12. Qxd8 {[%clk 00:33:40]} {[%emt 00:01:33]} Rfxd8 {[%clk 00:51:25]}
{[%emt 00:00:26]} 13. Rfd1 {[%clk 00:34:01]} {[%emt 00:00:09]} Bb4 {[%clk
00:45:13]} {[%emt 00:06:42]} 14. Nd2 {[%clk 00:25:45]} {[%emt 00:08:47]} Rxd2
{[%clk 00:36:57]} {[%emt 00:08:46]} 15. Rxd2 {[%clk 00:25:42]} {[%emt
00:00:33]} Bxc3 {[%clk 00:37:20]} {[%emt 00:00:07]} 16. Bxc3 {[%clk 00:26:01]}
{[%emt 00:00:11]} Nxe4 {[%clk 00:37:46]} {[%emt 00:00:04]} 17. Ba5 {[%clk
00:25:15]} {[%emt 00:01:16]} Nxd2 {[%clk 00:38:09]} {[%emt 00:00:06]} 18. Bxd2
{[%clk 00:25:44]} {[%emt 00:00:02]} Rd8 {[%clk 00:36:13]} {[%emt 00:02:26]} 19.
Be3 {[%clk 00:26:07]} {[%emt 00:00:07]} Rd7 {[%clk 00:36:37]} {[%emt 00:00:05]}
20. f3 {[%clk 00:24:23]} {[%emt 00:02:14]} e5 {[%clk 00:33:39]} {[%emt
00:03:29]} 21. Kf2 {[%clk 00:22:34]} {[%emt 00:02:20]} f5 {[%clk 00:23:41]}
{[%emt 00:10:26]} 22. Ke1 {[%clk 00:21:58]} {[%emt 00:01:06]} f4 {[%clk
00:17:13]} {[%emt 00:06:58]} 23. Bc5 {[%clk 00:21:49]} {[%emt 00:00:40]} Kf7
{[%clk 00:14:11]} {[%emt 00:03:32]} 24. Rd1 {[%clk 00:20:03]} {[%emt 00:02:15]}
Rxd1+ {[%clk 00:13:51]} {[%emt 00:00:50]} 25. Kxd1 {[%clk 00:20:32]} {[%emt
00:00:01]} cxb3 {[%clk 00:14:14]} {[%emt 00:00:08]} 26. axb3 {[%clk 00:20:53]}
{[%emt 00:00:09]} Bf1 {[%clk 00:14:40]} {[%emt 00:00:03]} 27. g3 {[%clk
00:20:29]} {[%emt 00:00:54]} a6 {[%clk 00:12:36]} {[%emt 00:02:34]} 28. Ke1
{[%clk 00:20:47]} {[%emt 00:00:12]} Bh3 {[%clk 00:12:52]} {[%emt 00:00:14]} 29.
gxf4 {[%clk 00:20:27]} {[%emt 00:00:51]} exf4 {[%clk 00:13:16]} {[%emt
00:00:06]} 30. b4 {[%clk 00:20:35]} {[%emt 00:00:22]} g5 {[%clk 00:12:39]}
{[%emt 00:01:06]} 31. Kf2 {[%clk 00:20:32]} {[%emt 00:00:33]} Be6 {[%clk
00:11:35]} {[%emt 00:01:34]} 32. c3 {[%clk 00:15:37]} {[%emt 00:05:26]} Kg6
{[%clk 00:11:10]} {[%emt 00:00:55]} 33. Bd6 {[%clk 00:13:33]} {[%emt 00:02:33]}
Kf5 {[%clk 00:11:21]} {[%emt 00:00:19]} 34. Bc7 {[%clk 00:12:59]} {[%emt
00:01:04]} Bd5 {[%clk 00:10:54]} {[%emt 00:00:57]} 35. Bd8 {[%clk 00:12:48]}
{[%emt 00:00:41]} g4 {[%clk 00:10:43]} {[%emt 00:00:42]} 36. fxg4+ {[%clk
00:13:00]} {[%emt 00:00:17]} Kxg4 {[%clk 00:11:08]} {[%emt 00:00:05]} 37. Bc7
{[%clk 00:13:24]} {[%emt 00:00:06]} Kf5 {[%clk 00:11:28]} {[%emt 00:00:10]} 38.
Bb6 {[%clk 00:13:20]} {[%emt 00:00:35]} Ke4 {[%clk 00:11:52]} {[%emt 00:00:06]}
39. Bd4 {[%clk 00:13:36]} {[%emt 00:00:13]} Kd3 {[%clk 00:11:46]} {[%emt
00:00:36]} 40. Be5 {[%clk 00:13:48]} {[%emt 00:00:18]} f3 {[%clk 00:12:12]}
{[%emt 00:00:05]} 41. Bd4 {[%clk 00:13:41]} {[%emt 00:00:37]} Kc4 {[%clk
00:12:29]} {[%emt 00:00:12]} 42. Ke3 {[%clk 00:13:26]} {[%emt 00:00:44]} c5
{[%clk 00:12:33]} {[%emt 00:00:27]} 43. Bxc5 {[%clk 00:13:41]} {[%emt
00:00:15]} a5 {[%clk 00:12:58]} {[%emt 00:00:06]} 44. Bd6 {[%clk 00:03:58]}
{[%emt 00:10:11]} a4 {[%clk 00:13:10]} {[%emt 00:00:19]} 45. b5 {[%clk
00:04:17]} {[%emt 00:00:12]} Kxb5 {[%clk 00:12:19]} {[%emt 00:01:20]} 0-1